000 00558nam a2200181Ia 4500
001 55750
008 080101n ii |||gr||||Z||||||465
020 _a13: 978 81 250 0697 8
082 _a320.5315
100 _aHoare ,
_eQuintin.
245 0 _aSelections From the Prison Notebooks of Antonio Gramsci
_cEdited & Translated By-Quintin Hoare and Geoffrey Nowell Smith
_hTextual Documents
250 _aIst ed-1996.
260 _aNew Delhi
_bOrient BlackSwan Pvt Ltd
300 _a483p:
_c23cm.
653 _aPol.Sc
653 _aG-Pol.Sc
942 _2ddc
_cBK
999 _c55676
_d55676